All Brawlers in Brawl Stars - Statistics

General Stats
  • This quiz has been taken 62 times
  • The average score is 57 of 89
Answer Stats
Rarity 1. Letter Answer % Correct
Starting & Special S Shelly
98%
Rare B Bull
90%
Rare C Colt
90%
Rare P Poco
88%
Rare B Brock
85%
Rare N Nita
85%
Rare B Barley
83%
Mythic B Buzz
83%
Rare E El Primo
83%
Rare R Rosa
83%
Legendary C Crow
78%
Legendary L Leon
78%
Legendary S Spike
78%
Super Rare D Darryl
75%
Super Rare P Penny
75%
Epic B Bo
73%
Legendary C Chester
73%
Legendary D Draco
73%
Super Rare D Dynamike
73%
Super Rare J Jessie
73%
Epic P Piper
73%
Legendary C Cordelius
70%
Legendary K Kenji
70%
Super Rare R Rico
70%
Legendary S Surge
70%
Legendary A Amber
68%
Epic B Bibi
68%
Super Rare C Carl
68%
Epic F Frank
68%
Super Rare G Gus
68%
Super Rare J Jacky
68%
Legendary K Kit
68%
Epic M Mandy
68%
Epic H Hank
65%
Legendary M Meg
65%
Mythic O Ollie
65%
Legendary S Sandy
65%
Epic S Stu
65%
Super Rare Nr 8-Bit
63%
Epic A Angelo
63%
Starting & Special B Buzz Lightyear
63%
Epic C Colette
63%
Epic E Emz
63%
Mythic J Janet
63%
Mythic L Lou
63%
Mythic M Mortis
63%
Epic P Pam
63%
Mythic W Willow
63%
Epic A Ash
60%
Epic B Bea
60%
Super Rare T Tick
60%
Epic G Griff
60%
Mythic M Max
60%
Mythic M Mr. P
60%
Epic N Nani
60%
Mythic O Otis
60%
Mythic R R-T
60%
Mythic R Ruffs
60%
Epic S Shade
60%
Epic E Edgar
58%
Epic G Gale
58%
Mythic J Juju
58%
Mythic L Lily
58%
Epic L Lola
58%
Mythic M Melodie
58%
Mythic S Squeak
58%
Mythic T Tara
58%
Mythic B Buster
55%
Mythic C Charlie
55%
Mythic C Chuck
55%
Mythic E Eve
55%
Epic G Grom
55%
Epic M Meeple
55%
Mythic M Mico
55%
Mythic M Moe
55%
Epic S Sam
55%
Epic B Belle
53%
Epic B Berry
53%
Mythic B Byron
53%
Mythic D Doug
53%
Mythic F Fang
53%
Mythic G Gene
53%
Mythic G Gray
53%
Epic L Larry & Lawrie
53%
Epic M Maisie
53%
Mythic S Sprout
53%
Epic B Bonnie
50%
Epic P Pearl
50%
Mythic C Clancy
48%
No matching quizzes found
Score Distribution
Percent of People with Each Score
Percentile by Number Answered
Your Score History
You have not taken this quiz